| 000 | 00953nam a2200277 a 4500 | ||
|---|---|---|---|
| 003 | CO-ViMGA | ||
| 005 | 20230915233129.0 | ||
| 008 | 140929s2014 ck a jr 0001j spa d | ||
| 020 | _a9789583202155 | ||
| 040 |
_aCO-ViMGA _bspa _cCO-ViMGA |
||
| 043 | _ae-sp--- | ||
| 090 | _aC KITM | ||
| 100 | 1 | 0 |
_aKitamura, Satoshi _924065 |
| 245 | 1 | 3 |
_aEl maravilloso sombrero de María _cSatoshi Kitamura |
| 250 | _aEdicin̤ especial para El Ministerio de Cultura | ||
| 260 |
_aBogotá _bOceano _c2015 |
||
| 300 |
_a[30] pg̀inas _bilustraciones _c29 cm |
||
| 490 | _aLeer es mi cuento | ||
| 650 | 1 | 4 |
_aAutores japoneses _2LEMB _ySiglo XX _924329 |
| 650 | 1 | 4 |
_aCuentos infantiles japoneses _2LEMB _ySiglo XX _916411 |
| 650 | 1 | 4 |
_aImaginación en la literatura _2LEMB _9505 |
| 650 | 1 | 4 |
_aLibros ilustrados para niǫs _2LEMB _916 |
| 650 | 1 | 4 |
_aLiteratura infantil japonesa _2LEMB _ySiglo XX _94963 |
| 650 | 1 | 4 |
_aNiąs en la literatura _2LEMB _91408 |
| 942 |
_2ddc _cBK |
||
| 999 |
_c4050 _d4050 |
||